书目信息 |
| 题名: |
生态学基础
|
|
| 作者: | 马振兴 主编 | |
| 分册: | ||
| 出版信息: | 北京 中国时代经济出版社 2002.10 |
|
| 页数: | 243页 | |
| 开本: | 25cm | |
| 丛书名: | 目标经典教材系列 | |
| 单 册: | ||
| 中图分类: | Q14 | |
| 科图分类: | ||
| 主题词: | 生态学--成人高等学校--教材 | |
| 电子资源: | ||
| ISBN: | 7-80169-313-2 | |
| 000 | 00968nam2 2200289 450 | |
| 001 | 0105454450 | |
| 005 | 20050905172552.59 | |
| 010 | @a7-80169-313-2@dCNY24.00 | |
| 100 | @a20030516d2002 em y0chiy0121 ea | |
| 101 | 0 | @achi |
| 102 | @aCN@b110000 | |
| 105 | @aa z 000yy | |
| 200 | 1 | @a生态学基础@ASheng Tai Xue Ji Chu@d= Basic ecology@f马振兴主编@Fma zhen xing zhu bian@zeng |
| 210 | @a北京@c中国时代经济出版社@d2002.10 | |
| 215 | @a243页@c图@d25cm | |
| 225 | 2 | @a目标经典教材系列 |
| 300 | @a含解题指导 | |
| 300 | @a全国各类成人高等学校招生考试专用教材 《全国各类成人高等学校招生复习考试大纲》配套教材。 | |
| 312 | @a并列题名取自封面。 | |
| 330 | @a本书共5章, 包括绪论、生物与环境、种群生态、群落生态、生态系统。 | |
| 410 | 0 | @12001 @a目标经典教材系列 |
| 510 | 1 | @aBasic ecology@zeng |
| 606 | 0 | @a生态学@x成人高等学校@j教材 |
| 690 | @aQ14@v4 | |
| 701 | 0 | @a马振兴@Ama zhen xing@4主编 |
| 801 | 0 | @aCN@bQSSK@c20050905 |
| 905 | @a10447@dQ14@eM248 | |
| 生态学基础= Basic ecology/马振兴主编.-北京:中国时代经济出版社,2002.10 |
| 243页:图;25cm.-(目标经典教材系列) |
| 含解题指导.-全国各类成人高等学校招生考试专用教材 《全国各类成人高等学校招生复习考试大纲》配套教材。 |
| ISBN 7-80169-313-2:CNY24.00 |
| 本书共5章, 包括绪论、生物与环境、种群生态、群落生态、生态系统。 |
| ● |
| 相关链接 |
|
|
|
正题名:生态学基础
索取号:Q14/M248
 
预约/预借
| 序号 | 登录号 | 条形码 | 馆藏地/架位号 | 状态 | 备注 |
| 1 | 528950 | 205289506 | 自科库401/401自科库 25排3列3层/ [索取号:Q14/M248] | 在馆 | |
| 2 | 528951 | 205289515 | 自科库401/401自科库 25排3列3层/ [索取号:Q14/M248] | 在馆 | |
| 3 | 528952 | 205289524 | 自科库401/401自科库 25排3列3层/ [索取号:Q14/M248] | 在馆 |